An introduction to symbolic programming.
Guardado en:
| Autor Principal: | |
|---|---|
| Formato: | Libro |
| Idioma: | English |
| Publicado: |
New York :
Hafner,
1962 [i.e. 1963]
|
| Series: | Griffin's statistical monographs & courses ;
no. 11. |
| Materias: | |
| Etiquetas: |
Agregar Etiqueta
Sin Etiquetas, Sea el primero en etiquetar este registro!
|
| LEADER | 00760cam a22002291a 4500 | ||
|---|---|---|---|
| 001 | MAT.inmabb005622 | ||
| 008 | 840518s1963####nyua##########000#0#eng## | ||
| 005 | 20160610134808.0 | ||
| 245 | 1 | 3 | |a An introduction to symbolic programming. |
| 260 | |a New York : |b Hafner, |c 1962 [i.e. 1963] | ||
| 300 | |a 219 p. : |b il. ; |c 22 cm. | ||
| 490 | 1 | |a Griffin's statistical monographs & courses ; |v no. 11 | |
| 510 | 4 | |a MR, |c 26 #4504 | |
| 100 | 1 | |a Wegner, Peter. | |
| 740 | 0 | |a Symbolic programming. | |
| 830 | 0 | |a Griffin's statistical monographs & courses ; |v no. 11. | |
| 650 | 0 | |a Computer programming. | |
| 650 | 0 | |a FORTRAN (Computer program language) | |
| 084 | |a 68Nxx |2 msc2000 | ||
| 010 | |a 63003117 | ||
| 040 | |a DLC/ICU |c ICU |d DLC | ||
| 859 | |h 68 |i W412 |p A-2291 |b BIB. MATEMATICA | ||
